00974cam a2200253 a 45000010009000000050017000090080041000260100017000670200031000840200028001150400013001430420008001560500013001640820012001771000023001892450103002122500012003152600047003273000048003745040051004225050206004736500016006797000025006951406551220210414113911.0050805s2007 maua b 001 0 eng  a 2005053364 a9780072923308 (alk. paper) a007292330X (alk. paper) aDLCcDLC apcc00aHD31.B3100a6582221 aBateman, Thomas S.10aManagement : leading & collaborating in a competitive world. /cThomas S. Bateman, Scott A. Snell. a7th ed. aBoston, Mass, :bMcGraw-Hill/Irwin,c2007. axxxiv, 624 p. :bill. (some col.) ;c29 cm. aIncludes bibliographical references and index. aContents: Foundations of management -- Planning: Delivering strategic value -- Organizing; building a dynamic organization leading; mobilizing people -- Controlling: Learning and changing -- Glossary.  0aManagement.1 aSnell, Scott,d1958-